000 00559nam a2200181Ia 4500
008 100920s9999 xx 000 0 und d
082 _b104662
_a891.43 न 07
100 _aबेदी गुरमित.
245 _aनाक का सवाल.
260 _bभावना प्रकाशन,दिल्ली.
_c2007
300 _a151
_bसाधी
365 _b200
520 _aहिंदी.
630 _aनाक का सवाल.
650 _aहिंदी.
730 _aनाक का सवाल.
942 _cBOOK
999 _c745094
_d745091